Rethinking curriculum studies : a radical approach /

Bibliographic Details
Other Authors: Lawn, Martin, Barton, Len
Format: Book
Language:English
Published: London : New York : Croom Helm ; Wiley, [1981]
Subjects:

MARC

Tag First Indicator Second Indicator Subfields
LEADER 00000cam a2200000 a 4500
001 in00000092300
005 20150923132047.0
008 811210s1981 enka b 00100 eng
010 |a  81126975  
015 |a GB*** 
020 |a 070990438X 
020 |a 0709916027 (pbk.) 
020 |a 0470270977 (Halsted Press) 
035 |a (OCoLC)07483240 
035 |9 AAK7383AM 
039 0 |a 2  |b 3  |c 3  |d 3  |e 3 
040 |a DLC  |c DLC  |d OCL  |d TXA  |d UtOrBLW 
043 |a e-uk--- 
049 |a TXAM  |c [1197195] 
050 0 0 |a LB1564 G7  |b  R47 
082 0 |a 375/.00941  |2 19 
245 0 0 |a Rethinking curriculum studies :  |b a radical approach /  |c edited by Martin Lawn and Len Barton. 
264 1 |a London :  |b Croom Helm ;  |a New York :  |b Wiley,  |c [1981] 
264 4 |c ©1981 
300 |a 253 pages :  |b illustrations ;  |c 22 cm. 
336 |a text  |b txt  |2 rdacontent 
337 |a unmediated  |b n  |2 rdamedia 
338 |a volume  |b nc  |2 rdacarrier 
500 |a "A Halsted pressbook." 
504 |a Includes bibliographies and indexes. 
650 0 |a Education  |z Great Britain  |x Curricula. 
650 0 |a Curriculum planning  |z Great Britain. 
700 1 |a Lawn, Martin. 
700 1 |a Barton, Len. 
999 |a MARS 
999 f f |s c6c56cc6-fc30-3fb8-92fb-8529dd3b6c40  |i ce11f988-7e94-3d00-bf61-a0868982fdee  |t 0 
952 f f |p normal  |a Texas A&M University  |b College Station  |c Sterling C. Evans Library  |d Evans: Library Stacks  |t 0  |e LB1564 G7 R47  |h Library of Congress classification  |i unmediated -- volume  |m A14806006352 
998 f f |a LB1564 G7 R47  |t 0  |l Evans: Library Stacks